000 00307nam a22001337a 4500
008 170908b xxu||||| |||| 00| 0 eng d
020 _a9780415376099
041 _aeng
080 _a91
100 _a42
101 _aGJEO
245 _aAN EVERYDAY GEOGRAPHY OF THE GLOBAL SOUTH
_cRIGG,J
942 _2udc
_cBK
999 _c26867
_d26867